Loading...
Sumalini /
| Main Author: | |
|---|---|
| Format: | Printed Book |
| Language: | Malayalam |
| Published: |
Kottayam :
National Book Stall ,
1986.
|
| Subjects: |
| LEADER | 00487nam a2200145Ia 4500 | ||
|---|---|---|---|
| 008 | 150624b xxu||||| |||| 00| f mal d | ||
| 082 | |a 853.3S2 | ||
| 100 | |a Sukumaran Tatapuram | ||
| 245 | |c Sukumaran Tatapuram |a Sumalini / | ||
| 260 | |a Kottayam : |b National Book Stall , |c 1986. | ||
| 546 | |a In Malayalam. | ||
| 650 | |v Novel | ||
| 942 | |c BK | ||
| 999 | |c 79987 |d 79987 | ||
| 952 | |0 1 |1 0 |4 0 |6 853_000000000000000_3S2_SUM_M |7 0 |9 79931 |a UL |b UL |c ST1 |d 1998-09-15 |l 0 |o 853.3S2 SUM M |p 55532 |r 2012-10-27 |w 2012-10-27 |y BK | ||